000 01193nam a22002777a 4500
001 BD-DhSAU 9152
003 BD-DhSAU
005 20190409120509.0
008 150613b2013 bg a|||| m||| 00| 0 eng d
040 _aBD-DhSAU
082 _222
_a630
_bC3497
100 _aChakrabortty Sudip
_eRegistration # 06-01885
245 _aGrowth and yield of boro rice as affected by seedling age and planting geometry under system of rice intensification /
_bMS thesis
_cSudip Chakrabortty
260 _aSher-e-Bangla Agricultural Uniersity :
_bDepartment of Agronomy,
_c2013.
300 _axi 107 p. :
_bill. ;
_c29 cm.
500 _aMS thesis of Department of Agronomy , Faculty of Agriculture, Sher-e-Bangla Agricultural University, Dhaka, Bangladesh
504 _aIncludes bibliographical reference.
590 _aerfat
650 _aAgronomy
650 _aGrowth and yield of boro rice as affected by seedling age and planting geometry
650 _aunder system of rice intensification
700 _aBiswas, Parimal Kanti
_eSuperviser
700 _eCo-superviser
_aRoy, Tuhin Suvra
856 _uhttp://10.10.0.126:8080/xmlui/handle/123456789/2363
942 _2ddc
_cTHESIS
999 _c9152
_d9152